01903nam a2200337 c 450000100060000000300100000600500170001600700030003300800410003602000180007704000350009504100080013004300120013808400060015010000310015624500880018725000230027526400490029830000540034733600290040133700330043033800280046352007330049152100610122465000450128565000420133065000490137265000510142170000340147283000590150659422CO-BoRNBP20251009152917.0ta250129s2024 ck a|||br||| 000 0psspa d a9786289661965 aCO-BoRNBPbspaerdacCO-BoRNBP0 aspa as-ck--- aP1 aReyes, Yolandad1959-eaut10aArrullos para dormir ovejas /cYolanda Reyes ; ilustradora Manuela Montoya Escobar. aEdición especial 1aBogotá, Colombia :bCataplum Libros,c2024 a30 páginas sin numerar :bilustraciones a color atextobtxt2rdacontenido asin mediaciónbn2rdamedio avolumenbnc2rdasoporte aEl vaivén de la voz materna es como el ir y venir de los días, de la mecedora, del parpadeo y el sueño. Yolanda Reyes retoma el anhelado momento del arrullo y nos trae unos versos que, como el mar en calma, arropan la playa, la prepara, para la contemplación y el sueño. Arrullos para dormir ovejas reúne tres poemas de la autora: Canción para todas las cunas, El corazón del mar y Cuentas de nunca acabar. Al arte poético de Reyes se suma la pertinencia de estos versos para la primera infancia. Las magníficas ilustraciones de Manu Montoya muestran colores y atmósferas locales y, así como sucede con los poemas, nos llevan a lugares, situaciones e imaginarios propios de los primeros años de la vida aRecomendado para un público infantil mayor de 3 años07aCanciones de cuna en la literatura2lemb07aHora de dormir en la literatura2lemb04aPoesía infantil colombianaySiglo XX2LEMB04aLiteratura infantil colombianaySiglo XX2LEMB aMontoya Escobar, Manuelaeill aPlan Nacional de lectura y escritura leer es mi cuento